Statistics for Countries Closest to Indonesia - 15 Second Sprint

Click here to take the quiz!

General Stats

  • This quiz has been taken 130 times
  • The average score is 5 of 20

Answer Stats

kmCountrymiles% Correct
0Malaysia0
86%
6Singapore4
63%
40Brunei25
60%
0East Timor0
60%
146Australia90
51%
0Papua New Guinea0
51%
301Thailand187
32%
168Philippines105
26%
1561China970
23%
179India111
17%
600Vietnam373
17%
1105Laos687
12%
539Burma335
11%
768Cambodia477
10%
793Palau482
6%
1475Sri Lanka917
6%
2033Taiwan1263
5%
1719Bangladesh1068
1%
1103Micronesia (Fed St)685
1%
1701Solomon Islands1057
1%

Score Distribution

Percentile by Number Answered

Percent of People with Each Score

Your Score History

You have not taken this quiz